000 00388 a2200121 4500
001 ART_7260
005 20260410161623.0
008 260409a
245 1 0 _aEl delito de lavado de activos de origen delictivo y financiación del terrorismo
100 1 _aSlosse, Carlos Alberto
700 1 _aGamondés, Santiago F.
773 0 _tEnfoques
_g- Nº 1 (ene. 2012)
_wREV416
999 _c11747
_d11747